Alles mit V - Geografie - Statistiken

Allgemein
  • Dieses Quiz wurde 181 mal gespielt
  • Das Durchschnittsergebnis liegt bei 15 aus 28
Antwortstatistiken
Hint Antwort % Korrekt
Venezuela
91%
Länder Vanuatu
86%
Vatikanstadt
84%
Vatikanstadt
84%
Victoria
84%
See in Afrika, drittgrößter See der Welt Victoriasee
80%
drittgrößte Stadt Spaniens an der Mittelmeerküste Valencia
79%
Vereinigtes Königreich
78%
Vereinigte Staaten
78%
Vietnam
78%
Vereinigte Arabische Emirate
77%
Großstadt im Norden Italiens, Schauplatz von Shakespeares "Romeo und Julia" Verona
69%
US-Bundesstaat, der zu den Neuenglandstaaten zählt Vermont
68%
Vilnius
59%
BW Villingen-Schwenningen
51%
Hauptstädte Vaduz
47%
Von welcher Region ist Venedig die Haupstadt Venetien
47%
Mittelgebirge in Frankreich geht in Deutschland in den Pfälzer Wald über Vogesen
45%
Valletta
42%
NRW Viersen
36%
Vientiane
27%
See in den Voralpen in der Schweiz Vierwaldstättersee
26%
SL Völklingen
26%
Fluss in Afrika nach dem eine ehemalige französische Koloniebenannt wurde, heute Burkina Faso Volta
24%
NRW Velbert
22%
Mittelgebirge in HessenTeil des Hessischen Berglands Vogelsberg
21%
chilenische Hafenstadt, in der der Dichter Pablo Neruda lebte Valparaiso
18%
größter See Schwedens und drittgrößter Europas Vänern
13%
Keine übereinstimmenden Quizze gefunden
Verteilung der Resultate
Anzahl Personen mit jedem Resultat
Perzentil nach korrekt beantworteten Fragen
Ihre Resultats-Entwicklung
Sie haben dieses Quiz noch nicht gespielt